[Event "Prague op 22nd"]
[Site "Prague"]
[Date "2024.01.12"]
[Round "9"]
[White "Mgeladze, Kesaria"]
[Black "Vojta, Jakub"]
[Result "0-1"]
[WhiteElo "2038"]
[BlackElo "2261"]
[PlyCount "168"]
[EventDate "2024.01.05"]
[EventType "swiss"]
[EventRounds "9"]
[EventCountry "CZE"]
[SourceTitle "CB03_2024"]
[SourceDate "2024.01.17"]
[SourceVersion "1"]
[SourceVersionDate "2024.01.17"]
[SourceQuality "1"]

1. e4 c6 2. Nf3 d5 3. Nc3 dxe4 4. Nxe4 Nf6 5. Qe2 Nxe4 6. Qxe4 Nd7 7. Bc4 Nf6 8. Ne5 e6 9. Qe2 b5 10. Nxc6 Qb6 11. Bd3 Bb7 12. Ne5 a6 13. 0-0 Bd6 14. a4 h5 15. axb5 Ng4 16. Nf3 axb5 17. Rxa8+ Bxa8 18. Be4 0-0 19. d4 b4 20. Bg5 Bxe4 21. Qxe4 Qb5 22. h4 Qa6 23. Re1 Rc8 24. Ne5 Bxe5 25. dxe5 Qb6 26. Be3 Qb5 27. Bd2 Qc5 28. Qf4 Rd8 29. Bxb4 Qxc2 30. Bc3 Rd1 31. Qf3 Rxe1+ 32. Bxe1 Qxb2 33. Qa8+ Kh7 34. Qe4+ g6 35. g3 Qxe5 36. Qxe5 Nxe5 37. Bc3 Nc6 38. Kg2 e5 39. Kf3 f5 40. Ke3 Kg8 41. Kd3 Kf7 42. Ke3 Ke6 43. Kd3 Kd5 44. Bd2 Nd4 45. Bc3 Nb5 46. Bb2 Nd6 47. Ba1 Ne4 48. Ke3 Nf6 49. Kd3 Ng4 50. Ke2 Nh2 51. Ke3 Ng4+ 52. Ke2 e4 53. Bc3 Kc4 54. Bg7 Kd5 55. Bc3 Ke6 56. Bd2 Ne5 57. Be3 Nd3 58. Bd2 Ne5 59. Be3 Nc4 60. Bh6 Kd5 61. Bg5 Ke5 62. Bh6 Kd4 63. Bg7+ Kc5 64. Bh6 Kb4 65. Bg5 Kc3 66. Bf6+ Kc2 67. Bg5 Ne5 68. Bf4 Nf3 69. Be3 Kc3 70. Bh6 Nd4+ 71. Ke3 Ne6 72. Ke2 Kd4 73. Bc1 Kd5 74. Bh6 Ke5 75. Ke3 Kf6 76. Bf4 Kf7 77. Bh6 Ke7 78. Ke2 Kf6 79. Ke3 Ke5 80. Ke2 f4 81. gxf4+ Nxf4+ 82. Kf1 Kf5 83. Bg5 Kg4 84. Kg1 Nh3+ 0-1

[Event "Prague op 22nd"]
[Site "Prague"]
[Date "2024.01.09"]
[Round "6"]
[White "Vojta, Jakub"]
[Black "Arndt, Stefan"]
[Result "1/2-1/2"]
[WhiteElo "2261"]
[BlackElo "2130"]
[PlyCount "110"]
[EventDate "2024.01.05"]
[EventType "swiss"]
[EventRounds "9"]
[EventCountry "CZE"]
[SourceTitle "CB03_2024"]
[SourceDate "2024.01.17"]
[SourceVersion "1"]
[SourceVersionDate "2024.01.17"]
[SourceQuality "1"]

1. e4 e5 2. Nf3 Nc6 3. Bb5 a6 4. Ba4 Nf6 5. 0-0 Be7 6. Re1 b5 7. Bb3 d6 8. c3 0-0 9. d3 Na5 10. Bc2 c5 11. Nbd2 Nc6 12. Nf1 h6 13. a4 Be6 14. Ng3 Re8 15. h3 Bf8 16. d4 cxd4 17. cxd4 exd4 18. Nxd4 Nxd4 19. Qxd4 Rc8 20. Bd3 Bc4 21. axb5 axb5 22. Bf4 d5 23. b3 Bc5 24. Qc3 dxe4 25. Bxc4 bxc4 26. Red1 Qb6 27. bxc4 Bxf2+ 28. Kh2 Bxg3+ 29. Bxg3 Qc5 30. Rac1 Re6 31. Rd4 e3 32. Qd3 Rce8 33. Re1 Re4 34. Rxe4 Rxe4 35. Bd6 Qh5 36. c5 Qh4 37. Qe2 Ng4+ 38. Kg1 Qf2+ 39. Kh1 Ne5 40. Bxe5 Rxe5 41. c6 Re7 42. c7 Rxc7 43. Qxe3 Qxe3 44. Rxe3 g5 45. Kh2 Kg7 46. Ra3 h5 47. h4 gxh4 48. Ra4 Kg6 49. Rxh4 Rc2 50. Ra4 Kg5 51. Ra8 Rc6 52. Kh3 h4 53. Rg8+ Rg6 54. Rh8 Re6 55. Rxh4 Re3+ 1/2-1/2

[Event "Ricany op"]
[Site "Ricany"]
[Date "2023.08.30"]
[Round "6"]
[White "Popov, Roman4444"]
[Black "Vojta, Jakub"]
[Result "1/2-1/2"]
[WhiteElo "1925"]
[BlackElo "2288"]
[PlyCount "40"]
[EventDate "2023.08.26"]
[EventType "swiss"]
[EventRounds "9"]
[EventCountry "CZE"]
[SourceTitle "EXT 2024"]
[Source "ChessBase"]
[SourceDate "2023.10.10"]
[SourceVersion "1"]
[SourceVersionDate "2023.10.10"]
[SourceQuality "1"]

1. d4 d5 2. c4 Nc6 3. Nf3 Bg4 4. cxd5 Bxf3 5. gxf3 Qxd5 6. e3 e5 7. Nc3 Bb4 8. Bd2 Bxc3 9. bxc3 Qd6 10. Bd3 Nge7 11. Rb1 b6 12. Qc2 0-0 13. Bxh7+ Kh8 14. Bd3 f5 15. h4 Rae8 16. Rg1 Rf6 17. Kd1 e4 18. Be2 Qh2 19. Rf1 Qg2 20. f4 Rh6 1/2-1/2

[Event "Pardubice Czech op-A 34th"]
[Site "Pardubice"]
[Date "2023.07.23"]
[Round "3"]
[White "Vojta, Jakub"]
[Black "Finek, Vaclav"]
[Result "1/2-1/2"]
[WhiteElo "2277"]
[BlackElo "2409"]
[PlyCount "87"]
[EventDate "2023.07.21"]
[EventType "swiss"]
[EventRounds "9"]
[EventCountry "CZE"]
[SourceTitle "CBM 215 Extra"]
[Source "ChessBase"]
[SourceDate "2023.09.30"]
[SourceVersion "1"]
[SourceVersionDate "2023.09.30"]
[SourceQuality "1"]

1. e4 c5 2. Nf3 g6 3. c4 Bg7 4. d4 cxd4 5. Nxd4 Nc6 6. Be3 Nf6 7. Nc3 0-0 8. Be2 d6 9. 0-0 Bd7 10. Qd2 Nxd4 11. Bxd4 Bc6 12. f3 a5 13. Rab1 Nd7 14. Be3 Nc5 15. b3 Qb6 16. Rfc1 Qb4 17. Rc2 Rfc8 18. Qc1 Qb6 19. a3 Qd8 20. Rd2 Qf8 21. Rc2 h5 22. Nd5 Bxd5 23. exd5 Kh7 24. b4 axb4 25. axb4 Na4 26. c5 Qd8 27. Qd2 e6 28. dxe6 fxe6 29. Rd1 dxc5 30. Qxd8 Rxd8 31. Rxd8 Rxd8 32. bxc5 Nc3 33. Bc4 Rd1+ 34. Kf2 Nd5 35. Bxd5 Rxd5 36. c6 bxc6 37. Rxc6 e5 38. h4 Rd7 39. Re6 Rb7 40. Bg5 Ra7 41. Kg3 Rb7 42. Re8 Rd7 43. Kf2 Ra7 44. Re6 1/2-1/2

[Event "Prague Golden Rapid op"]
[Site "Prague"]
[Date "2023.06.17"]
[Round "5"]
[White "Vojta, Jakub"]
[Black "Hajiyev, Kanan"]
[Result "1/2-1/2"]
[WhiteElo "2201"]
[BlackElo "2086"]
[PlyCount "83"]
[EventDate "2023.06.17"]
[EventType "swiss (rapid)"]
[EventRounds "9"]
[EventCountry "CZE"]
[SourceTitle "CBM 215 Extra"]
[Source "ChessBase"]
[SourceDate "2023.09.30"]
[SourceVersion "1"]
[SourceVersionDate "2023.09.30"]
[SourceQuality "1"]

1. e4 c6 2. Nf3 d5 3. Nc3 a6 4. d4 Bg4 5. h3 Bh5 6. exd5 cxd5 7. g4 Bg6 8. Ne5 Nc6 9. Nxg6 hxg6 10. Bg2 e6 11. 0-0 Qb6 12. Ne2 Nf6 13. c3 Bd6 14. Re1 Qc7 15. Qd3 0-0 16. Bg5 b5 17. a3 Na5 18. b4 Nc4 19. Nc1 Rac8 20. Re2 e5 21. Bxf6 e4 22. Qc2 gxf6 23. Nb3 Kg7 24. a4 bxa4 25. Rxa4 Ra8 26. Re1 Nb6 27. Ra2 Rfc8 28. Nc5 Bxc5 29. bxc5 Nc4 30. Bxe4 dxe4 31. Qa4 Ne5 32. dxe5 Qxe5 33. Qxe4 Qxc5 34. c4 Qxc4 35. Qxc4 Rxc4 36. Rea1 Rc6 37. Ra5 g5 38. Kg2 Kg6 39. R1a4 Rb6 40. Ra3 Rc6 41. R3a4 Rb6 42. Ra3 1/2-1/2

[Event "Prague op 21st"]
[Site "Prague"]
[Date "2023.01.06"]
[Round "1"]
[White "Vojta, Jakub"]
[Black "Kuznecova, Marija"]
[Result "1/2-1/2"]
[WhiteElo "2288"]
[BlackElo "1917"]
[PlyCount "82"]
[EventDate "2023.01.06"]
[EventType "swiss"]
[EventRounds "9"]
[EventCountry "CZE"]
[SourceTitle "CBM 212 Extra"]
[Source "ChessBase"]
[SourceDate "2023.03.31"]
[SourceVersion "1"]
[SourceVersionDate "2023.03.31"]
[SourceQuality "1"]

1. Nf3 c5 2. e4 d6 3. d4 cxd4 4. Qxd4 Nc6 5. Bb5 Bd7 6. Bxc6 Bxc6 7. Nc3 Nf6 8. Bg5 Qb6 9. Qxb6 axb6 10. Bxf6 gxf6 11. Nd4 Bg7 12. Nf5 Rg8 13. 0-0-0 Bf8 14. g3 b5 15. a3 e6 16. Nd4 Ra5 17. Rhe1 Bh6+ 18. Kb1 Kd7 19. Na2 Rga8 20. Nb4 Bf8 21. Rd3 Be7 22. f3 Ra4 23. Red1 R4a7 24. Kc1 Bf8 25. Kd2 Be7 26. Ke3 Ra4 27. f4 Rf8 28. f5 Raa8 29. Ne2 Rac8 30. Nf4 Rg8 31. c3 Rce8 32. fxe6+ fxe6 33. R3d2 Rg5 34. Nbd3 Bf8 35. b4 b6 36. a4 bxa4 37. c4 d5 38. Nh3 Rh5 39. Nhf4 Rg5 40. Nh3 Rh5 41. Nhf4 Rg5 1/2-1/2

[Event "CZE-chT1W 2223"]
[Site "Czech Republic"]
[Date "2022.10.09"]
[Round "1.6"]
[White "Vojta, Jakub"]
[Black "Neuman, Petr"]
[Result "1/2-1/2"]
[WhiteElo "2310"]
[BlackElo "2387"]
[PlyCount "62"]
[EventDate "2022.10.09"]
[EventType "team-tourn"]
[EventRounds "11"]
[EventCountry "CZE"]
[SourceTitle "CBM 210 Extra"]
[Source "ChessBase"]
[SourceDate "2022.11.30"]
[SourceVersion "1"]
[SourceVersionDate "2022.11.30"]
[SourceQuality "1"]
[WhiteTeam "Ricany Betsys"]
[BlackTeam "Litomerice Slavoj"]
[WhiteTeamCountry "CZE"]
[BlackTeamCountry "CZE"]

1. c4 c6 2. Nf3 d5 3. g3 g6 4. Bg2 Bg7 5. Qa4 d4 6. d3 e5 7. 0-0 Ne7 8. b4 0-0 9. Nbd2 h6 10. Rb1 b6 11. b5 Bb7 12. bxc6 Bxc6 13. Qb3 Qd7 14. Ba3 Rc8 15. Ne1 Bxg2 16. Nxg2 Na6 17. Qb5 Qxb5 18. Rxb5 Nc6 19. f4 Nc7 20. Rb2 f5 21. fxe5 Nxe5 22. Nf4 Bf8 23. Bxf8 Rxf8 24. Nf3 Nxf3+ 25. exf3 g5 26. Ng6 Rf6 27. Ne7+ Kf7 28. Re1 Re8 29. Rbe2 Na6 30. Nd5 Rfe6 31. Rxe6 Rxe6 1/2-1/2

[Event "Ricany op 20th"]
[Site "Ricany"]
[Date "2022.08.28"]
[Round "2"]
[White "Hejsek, Lukas"]
[Black "Vojta, Jakub"]
[Result "0-1"]
[WhiteElo "1994"]
[BlackElo "2313"]
[PlyCount "83"]
[EventDate "2022.08.27"]
[EventType "swiss"]
[EventRounds "9"]
[EventCountry "CZE"]
[SourceTitle "CBM 210 Extra"]
[Source "ChessBase"]
[SourceDate "2022.11.30"]
[SourceVersion "1"]
[SourceVersionDate "2022.11.30"]
[SourceQuality "1"]

1. d4 Nf6 2. Nf3 e6 3. c4 Bb4+ 4. Bd2 Qe7 5. g3 Nc6 6. Bg2 Bxd2+ 7. Nbxd2 0-0 8. 0-0 d6 9. e3 e5 10. Qc2 Bg4 11. Rac1 Rfe8 12. d5 Nb8 13. Nh4 e4 14. f3 exf3 15. Ndxf3 Nbd7 16. Nd4 Qf8 17. h3 Bh5 18. g4 Bg6 19. Nxg6 hxg6 20. g5 Nh5 21. Ne6 Qe7 22. Nxc7 Ne5 23. Nxa8 Rxa8 24. h4 Rc8 25. b3 Qd7 26. Bf3 Ng3 27. Qg2 Nxf1 28. Rxf1 b5 29. Be2 bxc4 30. Bxc4 a5 31. Rf4 a4 32. Kh2 axb3 33. Bxb3 Rc3 34. Qe2 Qc8 35. Kg3 Rc1 36. Bd1 Qc3 37. Rd4 Qc5 38. Qd2 Rc3 39. Kf2 Qc8 40. Ra4 Rd3 41. Qc2 Qh3 42. Qc1 0-1

[Event "Pardubice Czech op-E 33rd"]
[Site "Pardubice"]
[Date "2022.07.14"]
[Round "1.1"]
[White "Vojta, Jakub"]
[Black "Goroshkov, Maksym"]
[Result "0-1"]
[WhiteElo "2326"]
[BlackElo "2240"]
[PlyCount "72"]
[EventDate "2022.07.14"]
[EventType "team-swiss"]
[EventRounds "7"]
[EventCountry "CZE"]
[SourceTitle "CBM 209 Extra"]
[Source "ChessBase"]
[SourceDate "2022.09.30"]
[SourceVersion "1"]
[SourceVersionDate "2022.09.30"]
[SourceQuality "1"]
[WhiteTeam "Beskydy Chess School S"]
[BlackTeam "Katran"]
[WhiteTeamCountry "CZE"]
[BlackTeamCountry "UKR"]

1. c4 Nf6 2. g3 g6 3. Bg2 Bg7 4. Nc3 0-0 5. e4 d6 6. Nge2 c5 7. 0-0 Nc6 8. d3 Bd7 9. f4 Qc8 10. Nd5 Bh3 11. Rb1 Bxg2 12. Kxg2 e6 13. Nxf6+ Bxf6 14. Be3 b6 15. Qd2 Bg7 16. f5 exf5 17. exf5 Qb7 18. f6 Ne5+ 19. Kg1 Rfe8 20. Nc3 Nf3+ 21. Rxf3 Qxf3 22. Nd5 Rxe3 23. Qxe3 Qxe3+ 24. Nxe3 Bxf6 25. Nd5 Bd4+ 26. Kg2 Re8 27. Kf3 f5 28. h3 Kf7 29. a4 g5 30. g4 Kg6 31. gxf5+ Kxf5 32. b4 cxb4 33. Rxb4 h5 34. a5 g4+ 35. hxg4+ hxg4+ 36. Kg3 Re2 0-1